Michelangelo or Da Vinci - Statistics

General Stats
  • This quiz has been taken 41 times
  • The average score is 10 of 15
Answer Stats
Question Answer % Correct
Painted the Mona Lisa Da Vinci
100%
Drew the Vitruvian Man Da Vinci
93%
Sculpted the Madonna della Pietà Michelangelo
93%
Painted the ceiling of the Sistine Chapel from 1508 - 1512 Michelangelo
93%
Designed many inventions relating to flight, including the parachute Da Vinci
89%
Died in France after being invited by King Francis I Da Vinci
81%
Had his nose broken by rival sculptor Pietro Torrigiano Michelangelo
78%
Was born out of wedlock Da Vinci
74%
Was ordered to death by Pope Clement, and reportedly hid for two months in a small chamber Michelangelo
67%
Was known as "Il Divino" or "The Divine" Michelangelo
63%
Was born in the Republic of Florence Both
52%
Was a master of many subjects Both
52%
Is believed to have rarely washed or changed clothes Michelangelo
52%
Protected Florence during the Siege of Florence by designing military fortifications. Michelangelo
33%
Worked as a sculptor as well as his other areas of interest Both
30%
No matching quizzes found
Score Distribution
Percent of People with Each Score
Percentile by Number Answered
Your Score History
You have not taken this quiz